The Registration Act (Record no. 208932)

MARC details
000 -LEADER
fixed length control field 00652nam a22001937a 4500
010 ## - LCCN (DPL NO)
LC control number ENG-143727
020 ## - INTERNATIONAL STANDARD BOOK NUMBER
International Standard Book Number 9788197759048
Terms of availability 2495.00
035 ## - SYSTEM CONTROL NUMBER
System control number EN-127259
037 ## - SOURCE OF ACQUISITION
Source of stock number/acquisition DBAD
082 ## - DEWEY DECIMAL CLASSIFICATION NUMBER
Classification number 346.540438
100 ## - MAIN ENTRY--PERSONAL NAME
Personal name Mulla , Dinshaw Fardunji
245 ## - TITLE STATEMENT
Title The Registration Act
Statement of responsibility, etc by Dinshaw Fardunji Mulla [and] Srinath Sridevan
250 ## - EDITION STATEMENT
Edition statement 15th
260 ## - PUBLICATION, DISTRIBUTION, ETC. (IMPRINT)
Place of publication, distribution, etc Haryana
Name of publisher, distributor, etc Lexis Nexis
Date of publication, distribution, etc 2025
270 ## - ADDRESS
Address 4th Floor, Building No.10, Tower-B, DLF Cyber City, Phase-II Gurgaon,
City Haryana
Postal code 122002
300 ## - PHYSICAL DESCRIPTION
Extent cxxii,1025p.:
Other physical details illus.
Dimensions 24cm(Hb)
700 ## - ADDED ENTRY--PERSONAL NAME
Personal name Sridevan ,Srinath
9 (RLIN) 77355
942 ## - ADDED ENTRY ELEMENTS (KOHA)
Source of classification or shelving scheme Dewey Decimal Classification
Item type English Books
Classification part 346.540438
Call number suffix MUL
Holdings
Withdrawn status Lost status Not for loan Collection code Home library Current library Date acquired Source of acquisition Cost, normal purchase price Full call number Barcode Copy number Cost, replacement price Koha item type
      Reference Central Library Central Library 03/02/2025 DBAD 2495.00 346.540438 MUL EN-127259 1 2495.00 English Books

© Delhi Public Library
Hit Counter
free hit counter